000 00732nam a22002177a 4500
005 20260303144812.0
100 _aPreto, E.
245 _aDetection of torque variation in bolted joints structures using a new sensor made of natural rubber filled with carbon black and carbon nanotubes
260 _bJournal of Intelligent Material Systems and Structure, 36(8): 531-542.
_c2025
300 _bOnline
650 _aPiezoresistive sensor
650 _aNanocomposite sensor
650 _aConductive rubber
650 _aBolted joints
650 _aDetection of loss torque
700 _aBarboni, P.R.
700 _aMalmonge, J.A.
700 _ada Silva, S.
856 _uhttps://doi: 10.1177/1045389X251319393
942 _cJS
999 _c75845
_d75845